书目信息 |
| 题名: |
前清旧话
|
|
| 作者: | 刘未鸣 主编 | |
| 分册: | ||
| 出版信息: | 北京 中国文史出版社 2019 |
|
| 页数: | 225页 | |
| 开本: | 24cm | |
| 丛书名: | 纵横精华 | |
| 单 册: | ||
| 中图分类: | K249.06 | |
| 科图分类: | ||
| 主题词: | 清前期--qing qian qi--古代史--史料 | |
| 电子资源: | ||
| ISBN: | 978-7-5205-0845-2 | |
| 000 | 01004oam2 2200265 450 | |
| 001 | 2160491294 | |
| 005 | 20210926145246.0 | |
| 010 | @a978-7-5205-0845-2@dCNY48.00 | |
| 100 | @a20181225d2019 em y0chiy50 ea | |
| 101 | 0 | @achi |
| 102 | @aCN@b110000 | |
| 105 | @aa z 000yy | |
| 106 | @ar | |
| 200 | 1 | @a前清旧话@Aqian qing jiu hua@f刘未鸣主编 |
| 210 | @a北京@c中国文史出版社@d2019 | |
| 215 | @a225页@c图@d24cm | |
| 225 | 2 | @a纵横精华@Azong heng jing hua@e历史的侧影@h第二辑 |
| 330 | @a本书为丛书“纵横精华第二辑”之一种。《纵横》自1983年创刊以来, 以“亲历、亲见、亲闻”为特色和视角, 记录和反映我国近现代史上的重大事件、人物故事及社会人生 ; 追求内容的史实性、知识性、趣味性和可读性的有机统一。《前清旧话》主要收录了清末时期的一些逸闻珍闻。 | |
| 461 | 0 | @12001 @a纵横精华 |
| 462 | 0 | @12001 @a历史的侧影 |
| 606 | 0 | @a清前期@Aqing qian qi@x古代史@x史料 |
| 690 | @aK249.06@v5 | |
| 701 | 0 | @a刘未鸣@Aliu wei ming@4主编 |
| 801 | 0 | @aCN@b百万庄@c20210925 |
| 905 | @b1300163-66@dK249.06@e140@f4 | |
| 前清旧话/刘未鸣主编.-北京:中国文史出版社,2019 |
| 225页:图;24cm.-(纵横精华:历史的侧影.第二辑) |
| ISBN 978-7-5205-0845-2:CNY48.00 |
| 本书为丛书“纵横精华第二辑”之一种。《纵横》自1983年创刊以来, 以“亲历、亲见、亲闻”为特色和视角, 记录和反映我国近现代史上的重大事件、人物故事及社会人生 ; 追求内容的史实性、知识性、趣味性和可读性的有机统一。《前清旧话》主要收录了清末时期的一些逸闻珍闻。 |
| ● |
| 相关链接 |
|
|
|
|
正题名:前清旧话
索取号:K249.06/140
 
预约/预借
| 序号 | 登录号 | 条形码 | 馆藏地/架位号 | 状态 | 备注 |
| 1 | 1300163 | 213001632 | 第二样本阅览室/ [索取号:K249.06/140] | 在馆 | |
| 2 | 1300164 | 213001641 | 第二借阅区/ [索取号:K249.06/140] | 在馆 | |
| 3 | 1300165 | 213001650 | 第二借阅区/ [索取号:K249.06/140] | 在馆 | |
| 4 | 1300166 | 213001669 | 第二借阅区/ [索取号:K249.06/140] | 在馆 |